| 000 | 01105nam a2200301 4500 | ||
|---|---|---|---|
| 005 | 20251103094910.0 | ||
| 008 | 060803s2006 ch chi | ||
| 020 |
_a9577272983 : _cUSD310.00 / set of 70 |
||
| 040 | _aBSOP | ||
| 041 | _achi | ||
| 090 |
_aBV3427 _bT93l |
||
| 245 | 1 | 0 |
_a飛鷹 : 永遠的丁媽媽 = Soaring high : _bthe eternal Mommy Ding {ch} / _cDing WeiRou, Jin MingWei; general editor, Peter Chi-Ping Lin. |
| 260 |
_aTaiwan : _bChristian Cosmic Light Holistic Care Organization Year, _c2006. |
||
| 300 |
_a7, 311 p. : _bill., ports ; _c21cm. |
||
| 440 |
_a200th Anniversary Commemorative Anthology of Robert Morrison's Mission in China-Christian biography; _v18 |
||
| 505 | 0 | _aVol. XVIII | |
| 600 | 1 | 4 | _aDing WeiRou {ch}. |
| 650 | 4 |
_aChristian biography _zChina {ch}. |
|
| 650 | 4 |
_aChristianity and culture _zChina {ch}. |
|
| 650 | 4 |
_aChristianity _zChina {ch}. |
|
| 650 | 4 |
_aChurch history _zChina {ch}. |
|
| 650 | 4 |
_aMissions _zChina {ch}.&. |
|
| 700 | 1 | _aDing WeiRou | |
| 700 | 1 | _aJin MingWei | |
| 700 | 1 | _aLin, Peter Chi-Ping | |
| 942 |
_2lcc _cBK |
||
| 951 | _x00033426 | ||
| 999 |
_c27204 _d27204 |
||